[Event "ESP-ch U16 Rapid"]
[Site "Salobrena"]
[Date "2022.07.30"]
[Round "1"]
[White "Anton Ortiz, Carlos"]
[Black "Perez Travieso, Saul"]
[Result "0-1"]
[WhiteElo "1332"]
[BlackElo "1679"]
[PlyCount "64"]
[EventDate "2022.07.30"]
[EventType "swiss (rapid)"]
[EventRounds "9"]
[EventCountry "ESP"]
[SourceTitle "EXT 2023"]
[Source "ChessBase"]
[SourceDate "2022.10.05"]
[SourceVersion "1"]
[SourceVersionDate "2022.10.05"]
[SourceQuality "1"]

1. d4 Nf6 2. c4 e6 3. g3 Bb4+ 4. Bd2 Bxd2+ 5. Nxd2 0-0 6. Bg2 d5 7. cxd5 exd5 8. Ngf3 b6 9. 0-0 Bb7 10. Rc1 Nbd7 11. Re1 Re8 12. Qc2 c5 13. e3 Rc8 14. Qa4 Bc6 15. Qb3 Ne4 16. Nxe4 dxe4 17. Nd2 Nf6 18. Bh3 Bd7 19. Bxd7 Qxd7 20. Nc4 Qh3 21. Ne5 Rxe5 22. dxe5 Ng4 23. Qc2 Qxh2+ 24. Kf1 Qh1+ 25. Ke2 Qf3+ 26. Kd2 Rd8+ 27. Kc3 Rd3+ 28. Kc4 Nxe5+ 29. Kb5 Qf5 30. Red1 Qd7+ 31. Ka6 Nc6 32. Rxd3 Nb4# 0-1

[Event "ESP-ch U16"]
[Site "Salobrena"]
[Date "2022.07.27"]
[Round "5"]
[White "Perez Bolanos, David"]
[Black "Perez Travieso, Saul"]
[Result "1-0"]
[WhiteElo "2041"]
[BlackElo "1866"]
[PlyCount "43"]
[EventDate "2022.07.25"]
[EventType "swiss"]
[EventRounds "9"]
[EventCountry "ESP"]
[SourceTitle "EXT 2023"]
[Source "ChessBase"]
[SourceDate "2022.10.05"]
[SourceVersion "1"]
[SourceVersionDate "2022.10.05"]
[SourceQuality "1"]

1. e4 c6 2. Nf3 d5 3. Nc3 dxe4 4. Nxe4 Nf6 5. Qe2 Nxe4 6. Qxe4 Nd7 7. Bc4 Nf6 8. Ne5 e6 9. Qe2 b5 10. Bb3 Bb7 11. Nxf7 Kxf7 12. Qxe6+ Kg6 13. Qf7+ Kh6 14. d3+ g5 15. Qxb7 Bb4+ 16. Kf1 Qe8 17. c3 Bd6 18. h4 Kg6 19. hxg5 Ng4 20. d4 Nh2+ 21. Rxh2 Bxh2 22. g4 1-0